The DNA of a Design, 1967-2007 (Record no. 929)

MARC details
000 -CABECERA
campo de control de longitud fija 00543nam a2200169 a 4500
001 - NÚMERO DE CONTROL
campo de control BRCA_1050
005 - FECHA Y HORA DE LA ÚLTIMA TRANSACCIÓN
campo de control 20190320203246.0
008 - DATOS DE LONGITUD FIJA--INFORMACIÓN GENERAL
campo de control de longitud fija 100408s2007----fi-a---###---#000-0#eng-#
020 ## - NÚMERO INTERNACIONAL ESTÁNDAR DEL LIBRO
Número Internacional Estándar del Libro 9789519823454
050 #4 - SIGNATURA TOPOGRÁFICA DE LA BIBLIOTECA DEL CONGRESO
Número de clasificación NK8258
Número de documento/Ítem .D63 2007
245 10 - MENCIÓN DE TÍTULO
Título The DNA of a Design, 1967-2007
Resto del título 40 years.
260 ## - PUBLICACIÓN, DISTRIBUCIÓN, ETC.
Lugar de publicación, distribución, etc. Helsinki, Finlandia
Nombre del editor, distribuidor, etc. Fiskars
Fecha de publicación, distribución, etc. 2007
300 ## - DESCRIPCIÓN FÍSICA
Extensión 24 p.
Otras características físicas il. a color, fotografías
Dimensiones 20 cm.
650 14 - PUNTO DE ACCESO ADICIONAL DE MATERIA--TÉRMINO DE MATERIA
Término de materia o nombre geográfico como elemento de entrada Hierro
Subdivisión general Diseño industrial
Subdivisión geográfica Finlandia
9 (RLIN) 3463
651 #4 - PUNTO DE ACCESO ADICIONAL DE MATERIA--NOMBRE GEOGRÁFICO
Nombre geográfico Fiskars (Finlandia)
Subdivisión general Industria del hierro - Historia
9 (RLIN) 3464
942 ## - ELEMENTOS DE PUNTO DE ACCESO ADICIONAL (KOHA)
Fuente del sistema de clasificación o colocación Library of Congress Classification
Tipo de ítem Koha Libros
Holdings
Estado de retiro Estado de pérdida Estado dañado No para préstamo Localización permanente Ubicación/localización actual Fecha de adquisición Total de préstamos Signatura topográfica completa Código de barras Fecha visto por última vez Precio válido a partir de Tipo de ítem Koha
El ejemplar forma parte de la colección y puede ser consultado según las políticas vigentes.       Biblioteca del Museo Franz Mayer (Rogerio Casas-Alatriste) Biblioteca del Museo Franz Mayer (Rogerio Casas-Alatriste) 26/06/2008   NK8258 .D63 2007 01537 22/03/2019 22/03/2019 Libros